书目信息 |
| 题名: |
22世纪中国新闻学与传播学理论新闻学卷
|
|
| 作者: | 童兵 林涵 | |
| 分册: | ||
| 出版信息: | 上海 复旦大学出版社 37165 |
|
| 页数: | 419页 | |
| 开本: | 23cm | |
| 丛书名: | ||
| 单 册: | ||
| 中图分类: | G210.92 | |
| 科图分类: | ||
| 主题词: | 新闻学 , 新闻工作 | |
| 电子资源: | ||
| ISBN: | 7-309-02994-1 | |
| 000 | 00614nam0 2200193 450 | |
| 001 | 0728815141 | |
| 005 | 20070819080015.14 | |
| 010 | @a7-309-02994-1@d¥52.00 | |
| 100 | @a20070819d km y0chiy0120 ea | |
| 101 | 0 | @achi |
| 200 | 1 | @a22世纪中国新闻学与传播学理论新闻学卷@A22 shi ji zhong guo xin wen xue yu chuan bo xue li lun xin wen xue juan@f童兵 林涵@Ftong bing lin han |
| 210 | @a上海@c复旦大学出版社@d37165 | |
| 215 | @a419页@d23cm | |
| 606 | 0 | @a新闻学 |
| 606 | 0 | @a新闻工作 |
| 690 | @aG210.92@v3 | |
| 701 | 0 | @a童兵 林涵@Atong bing lin han |
| 801 | 0 | @aCN@bPFT@c20070819 |
| 905 | @a213230@dG210.92@eZW60@f1 | |
| 22世纪中国新闻学与传播学理论新闻学卷/童兵 林涵.-上海:复旦大学出版社,37165 |
| 419页;23cm |
| ISBN 7-309-02994-1:¥52.00 |
| ● |
| 相关链接 |
|
|
|
|
正题名:22世纪中国新闻学与传播学理论新闻学卷
索取号:G210.92/ZW60
 
预约/预借
| 序号 | 登录号 | 条形码 | 馆藏地/架位号 | 状态 | 备注 |
| 1 | 7612513 | 276125131 | 密集书库-文学院/ [索取号:G210.92/ZW60] | 在馆 |